000 00609nam a2200217Ia 4500
005 20250508164217.0
008 008 250505s9999 xx 000 0 eng d
020 _a0-8204-7616-1
037 _aTextBook
040 _aFEDL
_beng
_cFEDL
041 _aeng
_2eng
084 _a370.115, KIN
_qFEDL
100 _aKincheloe Joe L
245 0 _aCritical constructivism primer
260 _aNew York, USA
_bPeter Lang
_c2005
300 _a185p
365 _aUSD
_b18.95
650 _aEducational Philosophy; Critical Pedagogy
_9777691
942 _cTB
_h370.115, KIN
999 _c1387558
_d1387558